Normal view MARC view
  • Sharma, Ashok K.

Entry Personal Name

Number of records used in: 3

001 - CONTROL NUMBER

  • control field: 6214

003 - CONTROL NUMBER IDENTIFIER

  • control field: NUST

005 - DATE AND TIME OF LATEST TRANSACTION

  • control field: 20171109094117.0

008 - FIXED-LENGTH DATA ELEMENTS

  • fixed length control field: 171109|| aca||aabn | a|a d

040 ## - CATALOGING SOURCE

  • Original cataloging agency: NUST
  • Transcribing agency: NUST

100 ## - HEADING--PERSONAL NAME

  • Personal name: Sharma, Ashok K.
  • Fuller form of name: (Ashok Kumar),
  • Dates associated with a name: 1956-

670 ## - SOURCE DATA FOUND

  • Source citation: Work cat.: (NUST)0: Swamee, Prabhata K. (Prabhata Kumar), 1940- 6211, Design of water supply pipe networks /, c2008.
© 2023 Central Library, National University of Sciences and Technology. All Rights Reserved.